Liquidation of a trading company from a legal and accounting perspective

Charakteristika a formy obchodných spoločností. Likvidácia obchodnej spoločnosti podľa obchodného zákonníka. Účtovné princípy platné pre o.s.. Mimoriadne a interné účtovné výkazníctvo. Povinnosti likvidátora v procese likvidácie.

Salvato in:
Dettagli Bibliografici
Autore principale: Tomanicová, Viera
Natura: Capitolo di libro
Lingua:inglese
Soggetti:
Tags: Aggiungi Tag
Nessun Tag, puoi essere il primo ad aggiungerne!!

MARC

LEADER 00000naa$a2200000$$$4500
001 0196742
005 20240502073320.8
041 0 |a eng 
044 |a SK 
245 1 0 |a Liquidation of a trading company from a legal and accounting perspective  |c Viera Tomanicová 
520 |a Charakteristika a formy obchodných spoločností. Likvidácia obchodnej spoločnosti podľa obchodného zákonníka. Účtovné princípy platné pre o.s.. Mimoriadne a interné účtovné výkazníctvo. Povinnosti likvidátora v procese likvidácie. 
610 2 0 |a likvidácia podniku 
610 2 0 |a výkazníctvo finančné 
610 2 0 |a spoločnosti obchodné 
610 2 0 |a zákonník obchodný 
610 2 0 |a účtovníctvo vnútropodnikové 
610 2 0 |a register obchodný 
100 1 |a Tomanicová, Viera